000 00487nam a2200157 i 4500
001 32249
003 ES-MaACL
007 t|
008 030130q1946 sp ||||1| spa d
100 1 _aBernhard, Joseph.
_928322
245 1 3 _aEl sentido de la historia /
_cJoseph Bernhard ; traducción española de Hilario Gómez.
260 _a[Madrid] :
_bPegaso,
_c[1946?] (
_fCarlos Jaime)
300 _a200 p. ;
_c22 cm.
700 1 _aGómez, Jaime.
_957768
852 _aES-MaACL
_jE-1873
_bR.22766
999 _c32249
_d32249